Normal view
MARC view
- الاردن - تاريخ - عبدالله بن الحسين الاول
Entry Topical Term
001 - CONTROL NUMBER
- control field: 56068
003 - CONTROL NUMBER IDENTIFIER
- control field: JO-AjAnu
005 - DATE AND TIME OF LATEST TRANSACTION
- control field: 20230606083206.0
008 - FIXED-LENGTH DATA ELEMENTS
- fixed length control field: 230606|| aca||aabn | a|a d
040 ## - CATALOGING SOURCE
- Original cataloging agency: JO-AjAnu
- Transcribing agency: JO-AjAnu
150 ## - HEADING--TOPICAL TERM
- Topical term or geographic name entry element: الاردن - تاريخ - عبدالله بن الحسين الاول
670 ## - SOURCE DATA FOUND
- Source citation: Work cat.: (JO-AjAnu)28614: عبدالله بن الحسين الأول، ملك الأردن، 1921 - 1951, author 56067, حقبة من تاريخ الأردن: الاثار الكاملة للملك عبدالله بن الحسين